01170cam a2200265 a 450000500170000000800410001702000150005804000440007304100130011724502340013026000520036430000480041649000180046450400530048250501200053565000290065565000230068465000200070765000140072770000320074170000310077370000320080470000280083676500400086420211105120820.01610 s2006 sp ao fr 001 0 spa d a8496222527 aCO-BoUCMbspacSaul NiñodSaul Niño1 aspaheng03aLa otra historia del rockbaspectos clave del desarrollo de la música popular, desde las nuevas tecnologías hasta la política y la globalizaciónceditado por Simon Frith, Will Straw, John Street ; traducción Jorge Conde aBarcelona (España)bEdiciones Robinbookc2006 a297 páginasbilustraciones. fotografías0 aMa non troppo aIncluye referencias bibliográficas e índices0 gEltcontexto. --tSemblanza de las estrellas I. --tTextos, géneros y estilos. --tSemblanza de las estrellas II. 7aMúsica rock xHistoria 7aMúsicos de rock  7aGrupos de rock  7aMúsica 1 aFrith, Simond1946-eeditor1 aStraw, Willd1954-eeditor1 aStreet, Johnd1924-eeditor1 aConde, Jorgeetraductor tCambridge companion to pop and rock